| 000 | 00663nam a22001337a 4500 | ||
|---|---|---|---|
| 999 |
_c528790 _d528790 |
||
| 008 | 250110b ||||| |||| 00| 0 eng d | ||
| 100 |
_a Priya, Eesha _949853 |
||
| 245 | _aThe comparative approach to Jan Aushadhi Kendras | ||
| 260 | _aYojana | ||
| 300 | _a69(1), Jan, 2025: p.46-48 | ||
| 520 | _a The jan Aushadhi scheme ensures easy access to high quality affordable medicines thought Jan Aushadhi Kendras. Revamped as PMBJP, it offers drug at 50-90% cheaper rates than branded during. The ministry of cooperation’s initiatives has strengthened PACS, allowing them to open Jan Aushadhi Kendras. – Reproduced | ||
| 773 | _aYojana | ||
| 942 | _cAR | ||